Canais Discovery no Brasil - Statistics

Estatísticas Gerais
  • Esse quiz foi jogado 32 vezes
  • A pontuação média é 6 de 12
Estatísticas das Respostas
Temática Canal % Correto
Infantil Discovery Kids
85%
Mundo animal Animal Planet
81%
Documentários variados Discovery Channel
74%
Bem Estar Discovery Home & Health
70%
Ciência Discovery Science
48%
Carros, motos, aviões, barcos Discovery Turbo
41%
Investiigações criminais Investigação Discovery
37%
Civilizações antigas Discovery Civilization
33%
Cultura Global Discovery World
26%
Culinária e Viagens TLC
26%
Gastronomia Food Network
22%
Documentários variados Discovery Theater
15%
Nenhum quiz correspondente encontrado
Distribuição das Pontuações
Porcentagem de Pessoas com Cada Pontuação
Percentil de Números Respondidos
Sua Pontuação Histórica
Você não jogou esse quiz